000 00539nam a2200205Ia 4500
003 0100
008 130227s9999 xx 000 0 und d
040 _cARRUPELIB
050 _aLA227.4.E84 1994
245 3 _aAn ethical education
245 _bcommunity and morality in the multicultural university
260 _aOxford/Providence, USA
260 _bBerg Publishers
260 _C1994
300 _a256p.
300 _b 22cm.
650 _bSacred Heart, Devotion to
700 _aSellers, Mortimer N. S. ed.
942 _2lcc
_02
999 _c1446
_d1446